MANUAL OF ICU PROCEDURES (Record no. 21911)

MARC details
000 -LEADER
fixed length control field 00342nam a22001577a 4500
003 - CONTROL NUMBER IDENTIFIER
control field SGT
020 ## - INTERNATIONAL STANDARD BOOK NUMBER
International Standard Book Number 9789351524229
082 ## - DEWEY DECIMAL CLASSIFICATION NUMBER
Classification number 617.96
Item number M16G
100 ## - MAIN ENTRY--PERSONAL NAME
Personal name GURJAR, MOHAN
245 ## - TITLE STATEMENT
Title MANUAL OF ICU PROCEDURES
250 ## - EDITION STATEMENT
Edition statement 1ST
260 ## - PUBLICATION, DISTRIBUTION, ETC. (IMPRINT)
Place of publication, distribution, etc INDIA
Name of publisher, distributor, etc JAYPEE PUB
Year of Publication 2016
300 ## - PAGE DESCRIPTION
No. of Pages 717
650 ## - SUBJECT ADDED ENTRY--TOPICAL TERM
Topical term or geographic name as entry element ANESTHESIOLOGY
942 ## - ADDED ENTRY ELEMENTS (KOHA)
Source of classification or shelving scheme Dewey Decimal Classification
Koha item type Books
942 ## - ADDED ENTRY ELEMENTS (KOHA)
-- 7
Holdings
Withdrawn status Lost status Source of classification or shelving scheme Damaged status Not for loan Collection code Home library Current library Shelving location Date acquired Vendor Name Cost, normal purchase price SGTU Bill Number Total Checkouts Full call number Accession No. (Barcode) Date last seen Date last borrowed Bill Date Koha item type
    Dewey Decimal Classification     NURSING SGT Medical Library SGT Medical Library Text Book 04/10/2021 JAYPEE PUB 2450.00 SGTU N5/INV/-1/21-00076 1 617.96 M16G FN4351 11/06/2022 11/11/2021   Books
    Dewey Decimal Classification     NURSING SGT Medical Library SGT Medical Library Text Book 04/10/2021 JAYPEE PUB 2450.00 SGTU N5/INV/-1/21-00076 3 617.96 M16G FN4352 11/09/2024 29/08/2024   Books
    Dewey Decimal Classification     NURSING SGT Medical Library SGT Medical Library Text Book 04/10/2021 JAYPEE PUB 2450.00 SGTU N5/INV/-1/21-00076   617.96 M16G FN4353 04/10/2021     Books
    Dewey Decimal Classification     NURSING SGT Medical Library SGT Medical Library Text Book 04/10/2021 JAYPEE PUB 2450.00 SGTU N5/INV/-1/21-00076 1 617.96 M16G FN4354 30/08/2024 16/08/2024   Books
    Dewey Decimal Classification     NURSING SGT Medical Library SGT Medical Library Text Book 04/10/2021 JAYPEE PUB 2450.00 SGTU N5/INV/-1/21-00076 2 617.96 M16G FN4355 22/11/2022 22/11/2022   Books